Queen - Hammer To Fall - Lyrics - Statistics

General Stats
  • This quiz has been taken 126 times
  • The average score is 155 of 246
Answer Stats
Answer % Correct
fall
100%
a
96%
the
93%
to
93%
we
93%
We
93%
hammer
92%
Hammer
92%
all
88%
for
86%
For
86%
for?
86%
and
85%
don't
83%
Don't
83%
who
83%
hear
82%
at
81%
be
79%
You
79%
you
79%
Here
76%
here
76%
no
76%
stand
76%
time
76%
just
74%
waiting
74%
won't
74%
care
72%
It
69%
it
69%
me
69%
waste
68%
History
67%
What
65%
of
64%
but
63%
But
63%
call
63%
We're
63%
answer
61%
hell
60%
is
60%
light
60%
us
60%
your
60%
night
58%
bell
57%
fighting
57%
in
57%
In
57%
tonight
57%
every
56%
home
56%
mercy
56%
yeah
56%
Yeah
56%
day
54%
Lady
54%
Oh
54%
oh
54%
know
53%
as
51%
it's
51%
It's
51%
Make
51%
piece
51%
away
50%
little
50%
or
49%
comes
47%
louder
47%
tall
46%
bed
44%
can't
44%
cloud
44%
falling
44%
heard
44%
mushroom
44%
play
44%
shadow
44%
game
43%
voices
43%
you're
43%
proud
40%
one
39%
our
38%
say
38%
scream
38%
up
38%
body
36%
grew
36%
muscles
36%
wanna
36%
more
35%
prayers
35%
cover
33%
let
33%
now
33%
decays
32%
got
32%
hurt
32%
they
32%
window
32%
famous
31%
Give
31%
name
31%
poor
31%
Rich
31%
same
31%
Baby
29%
line
29%
pouring
29%
surrender
29%
their
29%
through
29%
way
29%
Lock
28%
pane
28%
rain
28%
While
28%
door
26%
struggle's
26%
Build
25%
face
25%
lift
25%
Till
25%
truth
25%
vain
25%
convinced
24%
western
24%
gonna
22%
Hey
19%
anaesthetic
18%
Toe
17%
Yes
17%
No matching quizzes found
Score Distribution
Percent of People with Each Score
Percentile by Number Answered
Your Score History
You have not taken this quiz